000 01673cam a2200289 4500
008 040916n2004 000 0 eng u
020 _a1860817025
035 _a(Sirsi) u127435
041 _aeng.
050 _a690
_c18
100 _aBlackmore, P.
245 _aWind loads on unclad structures
260 _aWatford
_bBRE
_c2004
300 _a16p.
_c30cm.
490 _aBRE Special Digest
520 _aThis digest provides up to date guidance on designing lattice structures and individual members for wind loading. The design guidance for this digest is based on information from BS6399-2, EN 1991-1-4 and other relevant sources as appropriate. Much of the current guidance in the UK for wind loads in frames, lattice structures and individual members is based in British Standard Code of Practice CP3: Chapter V: Part 2. This Standard, which was withdrawn in October 2001, gave force coefficients (measured in smooth uniform flow) for a range of unclad structures, including single and multiple frames, lattice structures and individual members. CP3-V has now been superseded by BS6399-2, which is principally applicable to buildings and their components and therefore it includes only limited information on structural members and unclad structures. Filed in BRE digest box after BRE digest 486.
650 _aWIND LOADS
650 _aWIND LOADING
650 _aSTRUCTURAL LOADS
650 _aBS 6399-2
650 _aPREN 1991-1-4: 2002
650 _aCP3: Chapter 1
690 _aBUILT ENVIRONMENT-CONSTRUCTION DESIGN
710 _aUnited Kingdom
_bOffice of the Deputy Prime Minister
710 _aBuilding Research Establishment
942 _n0
999 _c103789
_d103789